000 00757nam a2200253 a 4500
001 00002598
008 110328s1994 a g 000 0 eng d
020 _a0201406403
040 _aBD-DhIUB
_cBD-DhIUB
082 0 4 _a005.758
_219
100 1 _aRinehart, Martin L.
245 0 0 _aClient server dBase programming :
_bbuilding mission-critical dBase systems /
_cMartin L. Rinehart
250 _a1st ed.
260 _aReading, Mass. :
_bAddison-Wesley Publishing Company,
_c1994.
300 _ax, 325 p. :
_bill. ;
_c23 cm.
520 0 _aComputer Science
556 _a1996-07-17
650 1 7 _aComputer programming
_2Spines
653 0 0 _aServers
653 0 0 _adBase
653 0 0 _aNetworks
999 _c9558
_d9558
526 _bcse